[Event "Mogi das Cruzes Catropa Memorial"]
[Site "Mogi das Cruzes"]
[Date "2014.09.05"]
[Round "1"]
[White "Carneiro, Vitor Roberto Castr"]
[Black "Granater Fonseca, Luiz Henrique"]
[Result "1-0"]
[WhiteElo "2259"]
[BlackElo "1758"]
[PlyCount "59"]
[EventDate "2014.09.05"]
[EventType "swiss"]
[EventRounds "6"]
[EventCountry "BRA"]
[SourceTitle "CBM 162 Extra"]
[Source "ChessBase"]
[SourceDate "2014.10.17"]
[SourceVersion "1"]
[SourceVersionDate "2014.10.17"]
[SourceQuality "1"]

1. Nf3 Nf6 2. c4 g6 3. Nc3 Bg7 4. g3 0-0 5. Bg2 d6 6. d4 Nc6 7. 0-0 a6 8. Bf4 Rb8 9. c5 Nh5 10. Be3 Bd7 11. d5 Ne5 12. Nxe5 Bxe5 13. Bd4 Bxd4 14. Qxd4 Qc8 15. Rfd1 b5 16. Rac1 Qd8 17. a3 Ng7 18. e4 e5 19. Qb4 Qe7 20. cxd6 Qxd6 21. Na2 f5 22. Qxd6 cxd6 23. Rc7 Rfd8 24. Nb4 a5 25. Nc6 Bxc6 26. dxc6 Ne8 27. Ra7 Rb6 28. exf5 gxf5 29. Bd5+ Kh8 30. Rc1 1-0

[Event "Itu LCX 20th"]
[Site "Itu"]
[Date "2010.08.26"]
[Round "12"]
[White "Do Prado, Andressa Souza Brit"]
[Black "Granater Fonseca, Luiz Henrique"]
[Result "0-1"]
[WhiteElo "1646"]
[BlackElo "1566"]
[PlyCount "58"]
[EventDate "2010.08.14"]
[EventType "tourn"]
[EventRounds "13"]
[EventCountry "BRA"]
[SourceTitle "EXT 2022"]
[Source "ChessBase"]
[SourceDate "2021.10.06"]
[SourceVersion "1"]
[SourceVersionDate "2021.10.06"]
[SourceQuality "1"]

1. d4 Nf6 2. c4 c5 3. Nf3 g6 4. Nc3 Bg7 5. e4 0-0 6. e5 Ne8 7. Be2 cxd4 8. Qxd4 Nc6 9. Qe4 d6 10. Bf4 Bf5 11. Qe3 Nb4 12. Nd4 dxe5 13. Bxe5 Bxe5 14. Qxe5 Qxd4 15. Qxd4 Nc2+ 16. Kf1 Nxd4 17. Rd1 Nxe2 18. Kxe2 Nf6 19. b3 Rfd8 20. Rxd8+ Rxd8 21. Rd1 Rxd1 22. Kxd1 Ne4 23. Nb5 a6 24. Nd4 Nxf2+ 25. Ke2 Ng4 26. h3 Ne5 27. g4 Nxg4 28. hxg4 Bxg4+ 29. Ke3 Bd7 0-1

[Event "Itu LCX 20th"]
[Site "Itu"]
[Date "2010.08.15"]
[Round "3"]
[White "Granater Fonseca, Luiz Henrique"]
[Black "Garkauskas, Otto Dmitry"]
[Result "0-1"]
[WhiteElo "1566"]
[BlackElo "1993"]
[PlyCount "86"]
[EventDate "2010.08.14"]
[EventType "tourn"]
[EventRounds "13"]
[EventCountry "BRA"]
[SourceTitle "EXT 2022"]
[Source "ChessBase"]
[SourceDate "2021.10.06"]
[SourceVersion "1"]
[SourceVersionDate "2021.10.06"]
[SourceQuality "1"]

1. d4 d5 2. Nf3 c6 3. e3 Nf6 4. c4 Bf5 5. Qb3 Qb6 6. Qxb6 axb6 7. Nc3 dxc4 8. Bxc4 e6 9. Ke2 b5 10. Bb3 Nbd7 11. h3 b4 12. Nb1 Bd6 13. Nbd2 0-0 14. Nh4 Be4 15. f3 Bd5 16. Bc2 Nh5 17. Nf1 Bc4+ 18. Bd3 Bxd3+ 19. Kxd3 Ng3 20. Rg1 Nxf1 21. Rxf1 Bg3 22. Bd2 Bxh4 23. Bxb4 Rfd8 24. Ke2 Bf6 25. f4 Nb6 26. b3 Nd5 27. Bd2 c5 28. a4 cxd4 29. Rac1 dxe3 30. Bxe3 Nxe3 31. Kxe3 Rac8 32. Ke4 Kf8 33. g4 h6 34. Rfd1 Rxc1 35. Rxc1 Ke7 36. Rc7+ Rd7 37. Rc4 Kd6 38. b4 Rc7 39. Rxc7 Kxc7 40. Kd3 Kd6 41. Kc4 g5 42. fxg5 hxg5 43. a5 Bd8 0-1

[Event "Itu LCX 19th"]
[Site "Itu"]
[Date "2010.05.23"]
[Round "11"]
[White "Milanelo, Carlos Alberto"]
[Black "Granater Fonseca, Luiz Henrique"]
[Result "1-0"]
[WhiteElo "2011"]
[BlackElo "1706"]
[PlyCount "139"]
[EventDate "2010.05.15"]
[EventType "tourn"]
[EventRounds "11"]
[EventCountry "BRA"]
[SourceTitle "EXT 2022"]
[Source "ChessBase"]
[SourceDate "2021.10.06"]
[SourceVersion "1"]
[SourceVersionDate "2021.10.06"]
[SourceQuality "1"]

1. d4 Nf6 2. c4 g6 3. Nf3 Bg7 4. g3 0-0 5. Bg2 d6 6. 0-0 Nbd7 7. Nc3 e5 8. Bg5 h6 9. Bxf6 Bxf6 10. dxe5 Nxe5 11. Nxe5 Bxe5 12. Rc1 Re8 13. Qd2 Bg7 14. Rfd1 Be6 15. b3 Qd7 16. Bxb7 Rab8 17. Bg2 Qc8 18. Nd5 Kh7 19. e4 c5 20. Nc3 Rd8 21. Nb5 Bf8 22. Nxa7 Qb7 23. Nb5 Bg4 24. f3 Be6 25. Nc3 Be7 26. Nd5 Bf8 27. Nf4 Bc8 28. e5 Be7 29. e6 Bxe6 30. Nxe6 fxe6 31. f4 Qd7 32. Qe2 Bf6 33. Bh3 Re8 34. Re1 Bd4+ 35. Kg2 Qc6+ 36. Qe4 Qxe4+ 37. Rxe4 e5 38. f5 gxf5 39. Bxf5+ Kg7 40. Rg4+ Kf6 41. Be4 Rg8 42. Rf1+ Ke7 43. Rxg8 Rxg8 44. Bd5 Rg7 45. a4 Bc3 46. Rf3 Bb4 47. Rf5 Bc3 48. Kf3 Rh7 49. h4 Rg7 50. g4 Rh7 51. g5 hxg5 52. hxg5 Rg7 53. Kg4 Bd2 54. Kh5 Rh7+ 55. Kg6 Rh2 56. Rf7+ Ke8 57. Bc6+ Kd8 58. Rd7+ Kc8 59. Rxd6 Bf4 60. Bd5 Rh3 61. a5 Rxb3 62. a6 Ra3 63. Kf5 Kc7 64. Rc6+ Kb8 65. g6 Rg3 66. Rf6 Ka7 67. Rf7+ Kxa6 68. g7 Rg5+ 69. Ke4 Rg1 70. Rf6+ 1-0

[Event "Itu LCX 19th"]
[Site "Itu"]
[Date "2010.05.16"]
[Round "4"]
[White "Do Prado, Andressa Souza Brit"]
[Black "Granater Fonseca, Luiz Henrique"]
[Result "1/2-1/2"]
[WhiteElo "1594"]
[BlackElo "1706"]
[PlyCount "42"]
[EventDate "2010.05.15"]
[EventType "tourn"]
[EventRounds "11"]
[EventCountry "BRA"]
[SourceTitle "EXT 2022"]
[Source "ChessBase"]
[SourceDate "2021.10.06"]
[SourceVersion "1"]
[SourceVersionDate "2021.10.06"]
[SourceQuality "1"]

1. e4 e5 2. Nc3 Nf6 3. Nf3 Nc6 4. Bb5 Be7 5. d3 0-0 6. 0-0 d6 7. Bxc6 bxc6 8. Bg5 Ne8 9. Bxe7 Qxe7 10. d4 Ba6 11. Re1 Nf6 12. dxe5 dxe5 13. h3 Rfd8 14. Qc1 Rd6 15. Qe3 Nd7 16. Rad1 Bc4 17. Rxd6 cxd6 18. Rd1 Nc5 19. b3 Be6 20. Qd2 Rd8 21. b4 Nb7 1/2-1/2

[Event "Itu LCX 19th"]
[Site "Itu"]
[Date "2010.05.15"]
[Round "8"]
[White "Grillo, Cloves Moises"]
[Black "Granater Fonseca, Luiz Henrique"]
[Result "1-0"]
[WhiteElo "1725"]
[BlackElo "1706"]
[PlyCount "57"]
[EventDate "2010.05.15"]
[EventType "tourn"]
[EventRounds "11"]
[EventCountry "BRA"]
[SourceTitle "EXT 2022"]
[Source "ChessBase"]
[SourceDate "2021.10.06"]
[SourceVersion "1"]
[SourceVersionDate "2021.10.06"]
[SourceQuality "1"]

1. e4 e5 2. Nf3 Nc6 3. Bb5 a6 4. Ba4 b5 5. Bb3 Be7 6. 0-0 Nd4 7. Nxd4 exd4 8. Qh5 g6 9. Qd5 Nh6 10. Qxa8 c6 11. d3 Ng4 12. h3 Nf6 13. e5 Nh5 14. Bh6 Rg8 15. Nd2 g5 16. Ne4 Rg6 17. Nd6+ Bxd6 18. exd6 Rxh6 19. Rae1+ Kf8 20. Re7 Rf6 21. Qa7 Ng7 22. Qxd4 Rf4 23. Qe5 h6 24. g3 Rf3 25. Qe4 Rf5 26. Re1 Kg8 27. Rxf7 Rxf7 28. Qg6 Qf8 29. Re7 1-0